| 000 | 00922nam a2200217Ia 4500 | ||
|---|---|---|---|
| 999 |
_c40216 _d40216 |
||
| 001 | 6823 | ||
| 003 | GE_BSU | ||
| 005 | 20200116162324.0 | ||
| 008 | 181216s||||||||xx |||||||||||||| ||und|| | ||
| 040 | _cGE_BSU | ||
| 041 | _ageo | ||
| 080 | _a821.353.1-31 გ-59 | ||
| 100 |
_aგოგიჩაიშვილი, გივი. _96030 |
||
| 245 |
_aგაზაფხულიდან გაზაფხულამდე : _bრომანი / _cგივი გოგიჩაიშვილი ; რედ. ლ. ნანიტაშვილი. |
||
| 264 |
_aთბილისი : _bსაბჭ.საქართველო, _c1965. |
||
| 300 |
_a166 გვ. ; _c20 სმ. |
||
| 653 | _aგაზაფხულიდან გაზაფხულამდე | ||
| 653 | _aრომანი | ||
| 700 |
_aნანიტაშვილი, ლ. _eრედაქტორი _91270 |
||
| 942 |
_cBK _2udc |
||